|
|
|
|
| LEADER |
00000nam2a2200000 4500 |
| 001 |
265902 |
| 005 |
20231101233947.0 |
| 035 |
|
|
|a (RuTPU)RU\TPU\book\288904
|
| 035 |
|
|
|a RU\TPU\book\211946
|
| 090 |
|
|
|a 265902
|
| 100 |
|
|
|a 20140701d1986 k y0rusy50 ca
|
| 101 |
0 |
|
|a rus
|
| 102 |
|
|
|a UA
|
| 105 |
|
|
|a a z 001zy
|
| 200 |
0 |
|
|a Вып. 42
|
| 210 |
|
|
|d 1986
|
| 215 |
|
|
|a 107 с.
|c ил.
|
| 320 |
|
|
|a Библиография в конце статей
|
| 461 |
|
1 |
|0 (RuTPU)RU\TPU\book\193004
|t Холодильная техника и технология
|o республиканский межведомственный научно-технический сборник
|f Одесский институт низкотемпературной техники и энергетики ; под ред. И. Г. Чумака
|v Вып. 42
|d 1965-1992
|
| 606 |
1 |
|
|a Холодильная техника в целом
|2 stltpush
|3 (RuTPU)RU\TPU\subj\17486
|9 43112
|
| 610 |
1 |
|
|a мясокомбинаты
|
| 610 |
1 |
|
|a модернизация
|
| 610 |
1 |
|
|a воздушное охлаждение
|
| 610 |
1 |
|
|a аппараты
|
| 610 |
1 |
|
|a теплоотдача
|
| 610 |
1 |
|
|a хладагенты
|
| 610 |
1 |
|
|a сжимаемость
|
| 610 |
1 |
|
|a сжиженный аммиак
|
| 610 |
1 |
|
|a испарение
|
| 675 |
|
|
|a 621.56
|v 3
|
| 801 |
|
1 |
|a RU
|b 63413507
|c 20110412
|
| 801 |
|
2 |
|a RU
|b 63413507
|c 20151212
|g RCR
|
| 942 |
|
|
|c BK
|